MARC

LEADER 00000naa2a2200000 4500
001 635740
005 20240212160340.0
035 |a (RuTPU)RU\TPU\conf\37597 
035 |a RU\TPU\conf\37593 
090 |a 635740 
100 |a 20230601d2022 k y0rusy50 ca 
101 0 |a rus 
102 |a RU 
105 |a y z 101zy 
135 |a drcn ---uucaa 
181 0 |a i  
182 0 |a b 
200 1 |a Модификатор горения твердого топлива на основе предшественников оксидов металлов  |f В. Е. Губин, К. Б. Ларионов 
203 |a Текст  |c электронный 
225 1 |a Экологические проблемы энергетики 
300 |a Заглавие с экрана 
320 |a [Библиогр.: с. 360 (4 назв.)] 
338 |b Российский научный фонд  |d 21-79-00091 
463 0 |0 (RuTPU)RU\TPU\conf\37517  |t Бутаковские чтения  |o материалы II Всероссийской с международным участием молодежной конференции, 13-15 декабря 2022 г., Томск  |f Национальный исследовательский Томский политехнический университет ; ред. кол. А. С. Заворин, А. С. Матвеев, С. Г. Обухов [и др.]  |v [С. 358-360]  |d 2022 
610 1 |a электронный ресурс 
610 1 |a труды учёных ТПУ 
610 1 |a модификаторы 
610 1 |a горение 
610 1 |a твердые топлива 
610 1 |a оксиды металлов 
610 1 |a добавки 
610 1 |a летучие вещества 
610 1 |a углефикация 
700 1 |a Губин  |b В. Е.  |c специалист в области энергетики  |c доцент Томского политехнического университета, кандидат технических наук  |f 1976-  |g Владимир Евгеньевич  |3 (RuTPU)RU\TPU\pers\25985  |9 11834 
701 1 |a Ларионов  |b К. Б.  |c специалист в области теплоэнергетики  |c техник Томского политехнического университета  |f 1990-  |g Кирилл Борисович  |3 (RuTPU)RU\TPU\pers\32948 
712 0 2 |a Национальный исследовательский Томский политехнический университет  |b Инженерная школа энергетики  |b Научно-образовательный центр И. Н. Бутакова (НОЦ И. Н. Бутакова)  |3 (RuTPU)RU\TPU\col\23504 
801 2 |a RU  |b 63413507  |c 20230615  |g RCR 
856 4 |u http://earchive.tpu.ru/handle/11683/76046 
942 |c BK